Probability and statistics with reliability, queuing, and co (Record no. 171244)

000 -LEADER
fixed length control field 00416nam a2200145Ia 4500
008 - FIXED-LENGTH DATA ELEMENTS--GENERAL INFORMATION
fixed length control field 220217s9999||||xx |||||||||||||| ||und||
020 ## - INTERNATIONAL STANDARD BOOK NUMBER
International Standard Book Number 9814-12-613-6
082 ## - DEWEY DECIMAL CLASSIFICATION NUMBER
Classification number 519 TRI
100 ## - MAIN ENTRY--PERSONAL NAME
Personal name Trivedi, Kishor Sridharbhai
245 #0 - TITLE STATEMENT
Title Probability and statistics with reliability, queuing, and co
250 ## - EDITION STATEMENT
Edition statement 2nd
260 ## - PUBLICATION, DISTRIBUTION, ETC.
Place of publication, distribution, etc. John wiley and sons
Name of publisher, distributor, etc. New York
Date of publication, distribution, etc. 2001
300 ## - PHYSICAL DESCRIPTION
Other physical details
-- 0.50
650 ## - SUBJECT ADDED ENTRY--TOPICAL TERM
Topical term or geographic name entry element MATHEMATICS
Holdings
Withdrawn status Lost status Damaged status Not for loan Collection code Home library Current library Shelving location Date acquired Full call number Barcode Date last seen Price effective from Koha item type
        Humanity Science Central Library Central Library Book Cart 02/18/2022 519 TRI 6433 02/18/2022 02/18/2022 Books

Powered by Koha